| 000 | 00969cam a22003257a 4500 | ||
|---|---|---|---|
| 003 | CHAP | ||
| 005 | 20220817040921.0 | ||
| 008 | 971013s1986 r 00010 d | ||
| 010 | _a2661 | ||
| 011 | _a3633 | ||
| 035 | _a2834 | ||
| 040 | _cCHAP | ||
| 082 |
_a641.1 _bM4 1986 |
||
| 100 | 0 | 0 |
_aMertz, Walter. _975043 |
| 245 | 0 | _aTrace elements in human and animal nutrition | |
| 250 | _a5 ed | ||
| 260 |
_aOrlando, Fla. : _bAcademic Press, _c1986 |
||
| 300 | _av | ||
| 500 | _aLa biblioteca tiene: v.2 | ||
| 590 |
_aBATCH-UPD _b10 _c20130110 _lUCH01 _h1546 |
||
| 590 |
_aBATCH-UPD _b10 _c20130410 _lUCH01 _h0945 |
||
| 590 |
_aBATCH-UPD _b10 _c20130914 _lUCH01 _h1256 |
||
| 590 |
_aCONVERSION _b10 _c20130109 _lUCH01 _h1303 |
||
| 650 | 1 | 4 |
_aElementos menores. _936257 |
| 650 | 1 | 4 | _aNutrición animal. |
| 650 | 1 | 4 |
_aNutrición. _982246 |
| 901 | _aBK | ||
| 942 | _cLIBRO | ||
| 949 |
_a641.1 M4 1986 _bBC _cLIBRO _d33724000139267 _eLIBRO _fv.2 _gI.15462 _h77926 _i2834 _si _t507.87 |
||
| 999 |
_c2661 _d2661 |
||